00825nam a22001937a 4500003000200000005001700002008004100019050002300060100002900083245014400112260007100256300002900327500004100356504005800397650003900455650003600494650004500530650005600575020250220103856.0250220b xxu||||| |||| 00| 0 eng d aLB 2825b.P47 2023 aPerillo, Kaye Andrea N.  aUtilization of the maintenance and other operating expenses fund as perceived by the school heads in Las Pinas CitycKaye Andrea N. Perillo aLas Pinas CitybSouthville International School and Collegesc2023 aviii, 81 pages ;c28cm.  aBachelor of Science in Accountancy.  aIncludes bibliographical references and appendices.  aEducation finance – Philippines. aSchool budgets – Philippines. aEducational expenditures – Philippines aSchool management and organization – Philippines.